吉備線、津山線の駅クイズ - Statistics

General Stats
  • This quiz has been taken 40 times
  • The average score is 18 of 26
Answer Stats
路線カラー
(あれば路線記号
、駅番号)
駅名 % Correct
U01,T 岡山
100%
T 津山
97%
U10 総社
90%
津山口
87%
法界院
87%
U06 備中高松
84%
亀甲
81%
福渡
74%
U03 大安寺
74%
建部
71%
U02 備前三門
71%
U09 東総社
71%
金川
68%
備前原
68%
U04 備前一宮
68%
U05 吉備津
68%
誕生寺
61%
弓削
61%
牧山
61%
玉柏
61%
佐良山
55%
神目
55%
野々口
55%
U07 足守
55%
U08 服部
55%
小原
48%
No matching quizzes found
Score Distribution
Percent of People with Each Score
Percentile by Number Answered
Your Score History
You have not taken this quiz